Taylor Swift - Tournées par tenus - Statistiques

Statistiques générales
  • Ce quiz a été pris 1 129 fois
  • Le résultat moyen est 5 sur 6
Statistiques - réponses
Par images Réponse % Correct
The Era's Tour
99%
The Red Tour
86%
Reputation Stadium Tour
75%
Fearless Tour
72%
The 1989 World Tour
64%
Speak Now World Tour
60%
Aucun quiz correspondant
Distribution des résultats
% des personnes avec chaque résultat
Percentile par nombre de réponses
Votre historique - résultats
Vous n’avez pas pris ce quiz